000 00636nam a22002177a 4500
999 _c3575
_d3575
001 3575
003 BD-JhCC
005 20171115183804.0
008 171111s bg |||| |||| 000 0 ben d
035 _a(BD-JhCC)3575
040 _aBD-JhCC
_dBD-JhCC
041 _aben
082 _a891.4415
_bKAB
245 _aকাব্য বীথিকা /
_cবন্দে আলী মিয়া (সম্পাদিত)
260 _aঢাকা:
_bবিশ্বকোষ,
300 _a204 p. :
_c22 cm.
650 _aBengali Poetry
700 _aমিয়া, বন্দে আলী
942 _2ddc
_cBK